|
|
|
|
| LEADER |
03015nam a22004575i 4500 |
| 001 |
978-3-642-36188-3 |
| 003 |
DE-He213 |
| 005 |
20151125161447.0 |
| 007 |
cr nn 008mamaa |
| 008 |
130417s2013 gw | s |||| 0|eng d |
| 020 |
|
|
|a 9783642361883
|9 978-3-642-36188-3
|
| 024 |
7 |
|
|a 10.1007/978-3-642-36188-3
|2 doi
|
| 040 |
|
|
|d GrThAP
|
| 050 |
|
4 |
|a QD551-578
|
| 072 |
|
7 |
|a PNRH
|2 bicssc
|
| 072 |
|
7 |
|a SCI013050
|2 bisacsh
|
| 082 |
0 |
4 |
|a 541.37
|2 23
|
| 245 |
1 |
0 |
|a Handbook of Reference Electrodes
|h [electronic resource] /
|c edited by György Inzelt, Andrzej Lewenstam, Fritz Scholz.
|
| 264 |
|
1 |
|a Berlin, Heidelberg :
|b Springer Berlin Heidelberg :
|b Imprint: Springer,
|c 2013.
|
| 300 |
|
|
|a XII, 344 p.
|b online resource.
|
| 336 |
|
|
|a text
|b txt
|2 rdacontent
|
| 337 |
|
|
|a computer
|b c
|2 rdamedia
|
| 338 |
|
|
|a online resource
|b cr
|2 rdacarrier
|
| 347 |
|
|
|a text file
|b PDF
|2 rda
|
| 505 |
0 |
|
|a Electrode potentials.- Reference redox systems in non-aqueous systems and the relation of electrode potentials in non-aqueous and mixed solvents to standard potentials in water -- Liquid junction potentials -- Salt bridges and diaphragms -- Reference electrodes for aqueous solutions -- Reference Electrodes for Use in Nonaqueous Solutions -- Reference electrodes for ionic liquids and molten salts -- Reference Electrodes in Oxidic Glass Melts.- Reference electrodes for solid electrolyte devices -- Direct solid contact in reference electrodes -- Micro reference electrodes.- Conducting polymer based reference electrodes -- Screen-printed, disposable, reference electrodes -- Pseudo-reference electrodes -- The Kelvin Probe technique as reference electrode for application on thin and ultra-thin electrolyte films.
|
| 520 |
|
|
|a Reference Electrodes are a crucial part of any electrochemical system, yet an up-to-date and comprehensive handbook is long overdue. Here, an experienced team of electrochemists provides an in-depth source of information and data for the proper choice and construction of reference electrodes. This includes all kinds of applications such as aqueous and non-aqueous solutions, ionic liquids, glass melts, solid electrolyte systems, and membrane electrodes. Advanced technologies such as miniaturized, conducting-polymer-based, screen-printed or disposable reference electrodes are also covered. Essential know-how is clearly presented and illustrated with almost 200 figures.
|
| 650 |
|
0 |
|a Chemistry.
|
| 650 |
|
0 |
|a Analytical chemistry.
|
| 650 |
|
0 |
|a Electrochemistry.
|
| 650 |
1 |
4 |
|a Chemistry.
|
| 650 |
2 |
4 |
|a Electrochemistry.
|
| 650 |
2 |
4 |
|a Analytical Chemistry.
|
| 700 |
1 |
|
|a Inzelt, György.
|e editor.
|
| 700 |
1 |
|
|a Lewenstam, Andrzej.
|e editor.
|
| 700 |
1 |
|
|a Scholz, Fritz.
|e editor.
|
| 710 |
2 |
|
|a SpringerLink (Online service)
|
| 773 |
0 |
|
|t Springer eBooks
|
| 776 |
0 |
8 |
|i Printed edition:
|z 9783642361876
|
| 856 |
4 |
0 |
|u http://dx.doi.org/10.1007/978-3-642-36188-3
|z Full Text via HEAL-Link
|
| 912 |
|
|
|a ZDB-2-CMS
|
| 950 |
|
|
|a Chemistry and Materials Science (Springer-11644)
|